书目信息 |
| 题名: |
河南理工大学历史文化概览
|
|
| 作者: | 王少安 主编 | |
| 分册: | ||
| 出版信息: | 北京 中华书局 2009 |
|
| 页数: | 411页 | |
| 开本: | 24cm | |
| 丛书名: | ||
| 单 册: | ||
| 中图分类: | G649.286.1 , G649.286.1 | |
| 科图分类: | ||
| 主题词: | 高等学校--校史--河南 | |
| 电子资源: | ||
| ISBN: | 978-7-101-06978-5 | |
| 000 | 01072nam0 2200277 450 | |
| 001 | 2436925556 | |
| 005 | 20240723101626.53 | |
| 010 | @a978-7-101-06978-5@dCNY100.00 | |
| 090 | @aG649.2@bwsa | |
| 096 | @aG649.2@bwsa | |
| 100 | @a20120706e20112009em y0chiy50 ea | |
| 101 | 0 | @achi@aeng |
| 102 | @aCN@b110000 | |
| 105 | @aa z 000yy | |
| 200 | 1 | @a河南理工大学历史文化概览 @e1909-2009 @f王少安主编 @9he nan li gong da xue li shi wen hua gai lan |
| 210 | @a北京@c中华书局@d2009@h2011重印 | |
| 215 | @a411页@c彩照@d24cm | |
| 304 | @a英文共同题名:A historical and cultural overview of Henan Polytechnic University | |
| 330 | @a本书首先对学校百年求索历程作了系统回顾,接着对学校核心价值理念和校歌、校标等重要精神文化成果作出明确解读,并对历代学人创造和发生的重要事件作出准确记录,最后对学校主要建筑人文景观进行了描述。 | |
| 606 | 0 | @a高等学校@x校史@y河南 |
| 610 | 0 | @a河南理工大学 |
| 690 | @aG649.286.1@v5 | |
| 690 | @aG649.286.1@v4 | |
| 701 | 0 | @a王少安@f(1954~)@4主编@9wang shao an |
| 801 | 0 | @aCN@bMuseLib.NET@c20120706 |
| 905 | @aMUSE@dG649.286.1@eW330 | |
| 河南理工大学历史文化概览 :1909-2009 /王少安主编 .-北京:中华书局,2009(2011重印) |
| 411页:彩照;24cm |
| ISBN 978-7-101-06978-5:CNY100.00 |
| 本书首先对学校百年求索历程作了系统回顾,接着对学校核心价值理念和校歌、校标等重要精神文化成果作出明确解读,并对历代学人创造和发生的重要事件作出准确记录,最后对学校主要建筑人文景观进行了描述。 |
| ● |
| 相关链接 |
|
|
|
正题名:河南理工大学历史文化概览
索取号:G649.286.1/W330
 
预约/预借
| 序号 | 登录号 | 条形码 | 馆藏地/架位号 | 状态 | 备注 |
| 1 | 132553 | 201325538 | 社科库409/409社科库 15排3列1层/ [索取号:G649.286.1/W330] | 在馆 |